| 000 | 01517nam a2200337 a 4500 | ||
|---|---|---|---|
| 001 | ebr10505587 | ||
| 003 | CaPaEBR | ||
| 006 | m u | ||
| 007 | cr cn||||||||| | ||
| 008 | 070920s2007 cauad sb 000 0 eng d | ||
| 010 | _z 2007039017 | ||
| 020 | _z9780833042354 (pbk. : alk. paper) | ||
| 020 | _z9780833044334 (e-book) | ||
| 040 |
_aCaPaEBR _cCaPaEBR |
||
| 035 | _a(OCoLC)234309412 | ||
| 043 | _an-us--- | ||
| 050 | 1 | 4 |
_aHG8535 _b.F43 2007eb |
| 082 | 0 | 4 |
_a368.4/8 _222 |
| 245 | 0 | 4 |
_aThe federal role in terrorism insurance _h[electronic resource] : _bevaluating alternatives in an uncertain world / _cLloyd Dixon ... [et al.]. |
| 260 |
_aSanta Monica, Calif. : _bRAND Corp., _c2007. |
||
| 300 |
_axxvi, 121 p. : _bill. |
||
| 504 | _aIncludes bibliographical references. | ||
| 505 | 0 | _aAnalytic methods -- Consequences of allowing TRIA to expire -- Consequences of requiring insurers to offer terrorism coverage for both conventional and NBCR attacks. | |
| 533 |
_aElectronic reproduction. _bPalo Alto, Calif. : _cebrary, _d2011. _nAvailable via World Wide Web. _nAccess may be limited to ebrary affiliated libraries. |
||
| 610 | 1 | 0 |
_aUnited States. _tTerrorism Risk Insurance Act of 2002. |
| 650 | 0 |
_aTerrorism insurance _xGovernment policy _zUnited States. |
|
| 655 | 7 |
_aElectronic books. _2local |
|
| 700 | 1 | _aDixon, Lloyd S. | |
| 710 | 2 | _aebrary, Inc. | |
| 856 | 4 | 0 |
_uhttp://site.ebrary.com/lib/rucke/Doc?id=10505587 _zAn electronic book accessible through the World Wide Web; click to view |
| 999 |
_c113784 _d113784 |
||